Normal view
MARC view
- Arya, R.L
Entry Personal Name
001 - CONTROL NUMBER
- control field: 744
003 - CONTROL NUMBER IDENTIFIER
- control field: OSt
005 - DATE AND TIME OF LATEST TRANSACTION
- control field: 20160702141203.0
008 - FIXED-LENGTH DATA ELEMENTS
- fixed length control field: 160702|| aca||aabn | a|a d
040 ## - CATALOGING SOURCE
- Original cataloging agency: OSt
- Transcribing agency: OSt
100 ## - HEADING--PERSONAL NAME
- Personal name: Arya, R.L
670 ## - SOURCE DATA FOUND
- Source citation: Work cat.: (OSt)14194: Arya, R.L Janardhan Kumar, Indira's Objective Agronomy:(Multiple choice questipons( MCQ's) for competitive examinations of Agriculture and Agronomy), 2014
